Multi-Category Minefield Blitz XXIV Quiz Stats

 Plays Quiz Updated Dec 17, 2018

Support Sporcle.
Go Orange.
Score 0/30 Timer 01:00
9 Plays Today
% Correct
???
58.2%
???
57.2%
???
56.8%
???
56.7%
???
56%
???
55.5%
???
55.3%
???
53.6%
???
53.5%
???
52.9%
???
52.7%
???
52.6%
???
51%
???
48.8%
???
48.3%
% Correct
???
47.8%
???
47.7%
???
47.6%
???
47.5%
???
46.8%
???
46.3%
???
45.3%
???
44.7%
???
44.1%
???
41.2%
???
40.7%
???
36.4%
???
31%
???
29.2%
???
25.5%

You're not logged in!

Compare scores with friends on all Sporcle quizzes.
OR
Log In
Forgot?

From the Vault

TV Shows Cut Off at 'G'

by DIEGO1000

Let's go to commercial.
Remove Ads.
Support Sporcle.
Get the best of Sporcle when you Go Orange. This ad-free experience offers more features, more stats, and more fun while also helping to support Sporcle. Thank you for becoming a member.

Show Comments

Extras

Top Quizzes Today


Score Distribution

Your Account Isn't Verified!

In order to create a playlist on Sporcle, you need to verify the email address you used during registration. Go to your Sporcle Settings to finish the process.

Report this User

Report this user for behavior that violates our Community Guidelines.

Details: